Người chọn nghề hay nghề chọn người = How to choose your career
Cuốn sách này là tài liệu thiết yếu cho mọi bạn trẻ khi lựa chọn sự nghiệp. Marden nhấn mạnh về bi kịch của "kẻ lạc loài", về những lựa chọn nghề nghiệp sai lầm, việc chọn một công việc, sự nghiệp chỉ vì nó "dễ", hay v...
保存先:
| 第一著者: | |
|---|---|
| フォーマット: | 図書 |
| 言語: | Undetermined |
| 出版事項: |
Hà Nội
Lao động - Xã hội
2016
|
| 主題: | |
| タグ: |
タグ追加
タグなし, このレコードへの初めてのタグを付けませんか!
|
| Thư viện lưu trữ: | Trung tâm Học liệu Trường Đại học Cần Thơ |
|---|
| LEADER | 01102nam a2200217Ia 4500 | ||
|---|---|---|---|
| 001 | CTU_220985 | ||
| 008 | 210402s9999 xx 000 0 und d | ||
| 020 | |c 85000 | ||
| 082 | |a 331.702 | ||
| 082 | |b M298 | ||
| 100 | |a Marden, Orison Swett | ||
| 245 | 0 | |a Người chọn nghề hay nghề chọn người = | |
| 245 | 0 | |b How to choose your career | |
| 245 | 0 | |c Orison Swett Marden ; Trịnh Hoàng Kim Phượng (dịch) | |
| 260 | |a Hà Nội | ||
| 260 | |b Lao động - Xã hội | ||
| 260 | |c 2016 | ||
| 520 | |a Cuốn sách này là tài liệu thiết yếu cho mọi bạn trẻ khi lựa chọn sự nghiệp. Marden nhấn mạnh về bi kịch của "kẻ lạc loài", về những lựa chọn nghề nghiệp sai lầm, việc chọn một công việc, sự nghiệp chỉ vì nó "dễ", hay việc làm điều gì đó chỉ để nối bước cha ông. | ||
| 650 | |a Vocational guidance,Hướng nghiệp | ||
| 904 | |i Hải | ||
| 980 | |a Trung tâm Học liệu Trường Đại học Cần Thơ | ||